Ολιστική προσέγγιση της λειτουργίας και της παθολογίας των οφθαλμών : μεταπτυχιακή διατριβή
Επιχειρείται μια ολιστική προσέγγιση των οφθαλμών και ορισμένων παθήσεών τους και κυρίως μια οπτική αντιμετώπισης του ασθενή υπό διαφορετικό πρίσμα
Αποθηκεύτηκε σε:
| Κύριος συγγραφέας: | |
|---|---|
| Συγγραφή απο Οργανισμό/Αρχή: | |
| Άλλοι συγγραφείς: | |
| Μορφή: | Thesis Βιβλίο |
| Γλώσσα: | Greek |
| Δημοσίευση: |
2014
|
| Θέματα: | |
| Διαθέσιμο Online: | http://hdl.handle.net/11610/12712 |
| Ετικέτες: |
Προσθήκη ετικέτας
Δεν υπάρχουν, Καταχωρήστε ετικέτα πρώτοι!
|
MARC
| LEADER | 00000cam a2200000 i 4500 | ||
|---|---|---|---|
| 001 | 1/47387 | ||
| 008 | 140515s2014 gre d | ||
| 035 | |l 10117647 | ||
| 040 | |a GR-MY-UA |b gre |e aacr | ||
| 041 | 0 | |a gre | |
| 082 | 0 | |a 617.706 |2 (22) | |
| 100 | 1 | |a Γκαμπράνη, Χρυσούλα. | |
| 245 | 1 | 0 | |a Ολιστική προσέγγιση της λειτουργίας και της παθολογίας των οφθαλμών : |b μεταπτυχιακή διατριβή / |c Γκαμπράνη Χρυσούλα ; επιβλέπων καθηγητής Γ. Χαριτάκης |
| 260 | |c 2014 | ||
| 300 | |a viii, 80 φύλλα; |c 30 εκ. | ||
| 500 | |a Διάθεση πλήρους κειμένου περιορισμένης πρόσβασης (μόνο από μέλη του Παν. Αιγαίου), με κλειδωμένη τη δυνατότητα αντιγραφής του κειμένου | ||
| 502 | |a Διατριβή (μεταπτυχιακή) – Πανεπιστήμιο Αιγαίου, Σύρος, 2014. | ||
| 504 | |a Βιβλιογραφία: σ. 69-80 | ||
| 520 | |a Επιχειρείται μια ολιστική προσέγγιση των οφθαλμών και ορισμένων παθήσεών τους και κυρίως μια οπτική αντιμετώπισης του ασθενή υπό διαφορετικό πρίσμα | ||
| 650 | 0 | 0 | |a Ophthalmology. |
| 650 | 0 | 0 | |a Eye |x Pathophysiology. |
| 650 | 0 | 0 | |a Eye |x Diseases |x Homeopathic treatment. |
| 650 | 0 | 0 | |a Dissertations, Academic |z Greece. |
| 700 | 1 | |4 ths |a Χαριτάκης, Γεώργιος Εμμ. | |
| 710 | 2 | |a Πανεπιστήμιο Αιγαίου. |b Τμήμα Μηχανικών Σχεδίασης Προϊόντων και Συστημάτων. |b Μεταπτυχιακό Πρόγραμμα Σπουδών στα Ολιστικά Εναλλακτικά Θεραπευτικά Συστήματα - Κλασική Ομοιοπαθητική. | |
| 852 | |a INST |b SYROS |c DIATR |e 20140519 |h 617.706 ΓΚΑ |p 005500011413 |q 005500011413 |t MTXE |y 23 | ||
| 852 | |a INST |b SYROS |c DIATR |e 20140519 |h 617.706 ΓΚΑ |p 005500011414 |q 005500011414 |t MTXE |y 23 | ||
| 856 | |u http://hdl.handle.net/11610/12712 | ||
| 901 | |a BIBL5-2012-1 | ||
| 909 | |a Ε |b 186866 | ||
| 909 | |a Ε |b 186865 | ||
| 924 | |a ΓΚΑΜΠΡΑΝΗ |b ΧΡΥΣΟΥΛΑ |y ΣΥΡΟΣ |z 2014-02 | ||
| 970 | |a ΚΟΝΤΟΥ |b ΠΑΡΑΣΚΕΥΗ |z 2014/05/15 | ||